000 00722nam a2200253 a 4500
001 000024744
003 DO-SdBNP
005 20250128171937.0
008 110203s1999 sp r 000 | spa d
020 _a8420638692
040 _aDO-SdBNP
_bspa
_cBNPHU
082 4 _axxx
_bB732l
_222
100 1 _aBorges, Jorge Luis,
_d1899-1986
_94173
245 1 3 _aLibro de sueƱos /
_cJorge Luis Borges.
260 _aMadrid :
_bAlianza Editorial,
_c1999.
300 _a252 p. ;
_c18 cm.
490 1 _aBiblioteca de autor
490 1 _aBiblioteca Borges
490 1 _aLibro de bolsillo
830 0 _aBiblioteca de autor
_912941
830 0 _aBiblioteca Borges
_950769
830 0 _aLibro de bolsillo
_94727
942 _2ddc
_cLBS1
999 _c24237
_d24237